Normal view MARC view
  • Sharma. S. N

Entry Personal Name

Number of records used in: 7

001 - CONTROL NUMBER

  • control field: 3347

003 - CONTROL NUMBER IDENTIFIER

  • control field: OSt

005 - DATE AND TIME OF LATEST TRANSACTION

  • control field: 20170612142202.0

008 - FIXED-LENGTH DATA ELEMENTS

  • fixed length control field: 170612|| aca||aabn | a|a d

040 ## - CATALOGING SOURCE

  • Original cataloging agency: OSt

100 ## - HEADING--PERSONAL NAME

  • Personal name: Sharma. S. N

Powered by Koha